Quelle ligne du Métro de Paris ? - Click quiz - Statistiques

Statistiques générales
  • Ce quiz a été pris 1 149 fois
  • Le résultat moyen est 10 sur 16
Statistiques - réponses
Hint Réponse % Correct
Prisée des touristes pour son franchissement de la Seine à Bir-Hakeim
84%
Remonte les Champs-Elysées
83%
La plus grande des lignes bis
81%
Balard - Pointe du Lac
81%
A pour terminus la Place d'Italie
77%
Est la plus courte
74%
A Châtelet pour Terminus
71%
Dessert Asnières-sur-Seine
69%
Où se trouve la très profonde Abbesses
63%
Suit la 8 sur 5 arrêts consécutifs
60%
Possède 7 stations uniquement desservies dans un sens
54%
Forme une boucle avec la ligne 6
53%
La première à venir à Saint-Lazare
51%
Est entièrement automatisée depuis 2023
46%
A le plus d'arrêts ex æquo avec la 8
37%
Est la plus longue
33%
Aucun quiz correspondant
Distribution des résultats
% des personnes avec chaque résultat
Percentile par nombre de réponses
Votre historique - résultats
Vous n’avez pas pris ce quiz